Бульдожья схватка: сентиментальный роман

Detalles Bibliográficos
Autor principal: Бушков А. А. Александр Александрович
Sumario:Исключено из фонда НТБ ТПУ
Lenguaje:ruso
Publicado: Красноярск, Бонус, 1999
Formato: Libro
KOHA link:https://koha.lib.tpu.ru/cgi-bin/koha/opac-detail.pl?biblionumber=11826

MARC

LEADER 00000nam0a2200000 4500
001 11826
005 20231030183937.0
010 |a 5786700526 
035 |a (RuTPU)RU\TPU\book\11900 
035 |a BOOK00011966 
090 |a 11826 
100 |a 20011209d1999 m y0rusy50 ca 
101 0 |a rus 
102 |a RU 
105 |a y z 000ay 
200 1 |a Бульдожья схватка  |e сентиментальный роман  |f А. А. Бушков 
210 |a Красноярск  |a Москва  |a СПб.  |c Бонус  |c Олма-Пресс  |c Нева  |d 1999 
215 |a 416 с. 
333 |a Исключено из фонда НТБ ТПУ 
700 1 |a Бушков  |b А. А.  |g Александр Александрович 
801 0 |a RU  |b 63413507  |c 20011209  |g PSBO 
801 2 |a RU  |b 63413507  |c 20220513  |g PSBO 
942 |c BK